An introduction to literary theory and criticism / (Record no. 144532)
[ view plain ]
| 000 -LEADER | |
|---|---|
| fixed length control field | 00857nam a22002297a 4500 |
| 005 - DATE AND TIME OF LATEST TRANSACTION | |
| control field | 20180627171600.0 |
| 010 ## - LCCN (DPL NO) | |
| LC control number | 1718EN-30 ENG-122480 B-687273-277 |
| 020 ## - INTERNATIONAL STANDARD BOOK NUMBER | |
| International Standard Book Number | 9788125059653 |
| Terms of availability | 175.00 |
| 035 ## - SYSTEM CONTROL NUMBER | |
| System control number | EN-106012 |
| 035 ## - SYSTEM CONTROL NUMBER | |
| System control number | B-687273-277 |
| 037 ## - SOURCE OF ACQUISITION | |
| Source of stock number/acquisition | Uppal |
| 037 ## - SOURCE OF ACQUISITION | |
| Source of stock number/acquisition | DBAD/PUB. |
| 082 ## - DEWEY DECIMAL CLASSIFICATION NUMBER | |
| Classification number | 801.95 |
| 100 ## - MAIN ENTRY--PERSONAL NAME | |
| Personal name | Kulkarni, Anand B. |
| 245 ## - TITLE STATEMENT | |
| Title | An introduction to literary theory and criticism / |
| Statement of responsibility, etc | by Anand B. Kulkarni [and] Ashok G. Chaskar |
| 260 ## - PUBLICATION, DISTRIBUTION, ETC. (IMPRINT) | |
| Place of publication, distribution, etc | Hyderabad |
| Name of publisher, distributor, etc | Orient BlackSwan |
| Date of publication, distribution, etc | 2015 |
| 270 ## - ADDRESS | |
| Address | 3-6-752 Himayatnagar |
| City | Hyderabad |
| Postal code | 500029 |
| 300 ## - PHYSICAL DESCRIPTION | |
| Extent | ix,300p. |
| Dimensions | 22cm(pbk) |
| 700 ## - ADDED ENTRY--PERSONAL NAME | |
| Personal name | Chaskar, Ashok G. |
| 942 ## - ADDED ENTRY ELEMENTS (KOHA) | |
| Source of classification or shelving scheme | Dewey Decimal Classification |
| Item type | English Books |
| Call number suffix | KUL |
| Classification part | 801.95 |
| Withdrawn status | Lost status | Not for loan | Collection code | Home library | Current library | Date acquired | Source of acquisition | Cost, normal purchase price | Full call number | Barcode | Copy number | Cost, replacement price | Koha item type |
|---|---|---|---|---|---|---|---|---|---|---|---|---|---|
| Non-fiction | Ashok Vihar | Ashok Vihar | 27/06/2018 | UPPAL/14845/4.12.2017/691/20.11.2017/10.01.2018 | 175.00 | 801.95 KUL | B-687274 | 1 | 175.00 | English Books | |||
| Non-fiction | Central Library | Central Library | 27/06/2018 | UPPAL/14845/4.12.2017/691/20.11.2017/10.01.2018 | 175.00 | 801.95 KUL | B-687273 | 1 | 175.00 | English Books | |||
| Not For Loan | Non-fiction | D.B.Act.Division | Patel Nagar | 04/04/2018 | DBAD/PUB | 175.00 | 801.95 KUL | EN-106012 | 1 | 175.00 | English Books | ||
| Non-fiction | Patel Nagar | Patel Nagar | 27/06/2018 | UPPAL/14845/4.12.2017/691/20.11.2017/10.01.2018 | 175.00 | 801.95 KUL | B-687275 | 1 | 175.00 | English Books | |||
| Non-fiction | Sarojini Nagar | Sarojini Nagar | 27/06/2018 | UPPAL/14845/4.12.2017/691/20.11.2017/10.01.2018 | 175.00 | 801.95 KUL | B-687276 | 1 | 175.00 | English Books | |||
| Non-fiction | Shahdara Branch | Shahdara Branch | 27/06/2018 | UPPAL/14845/4.12.2017/691/20.11.2017/10.01.2018 | 175.00 | 801.95 KUL | B-687277 | 1 | 175.00 | English Books |
